History Quiz

Random History Quiz

Schools of Economic Thought Quiz Stats

 Plays Quiz not verified by Sporcle

Also try: 200 Year Quiz
Challenge
Share
Tweet
Embed
Score 0/14 Timer 05:00
0 Plays Today
Beliefs % Correct
Free markets can be inefficient. Government spending should stabilise aggregate demand and unemployment across the business cycle.Keynesianism
82.8%
Labour determines the value of goods. Profit and rent are merely appropriations of labour value away from workers.Marxian economics
67.8%
The money supply has a strong influence on short-run output and determines long-run prices. Control money supply growth.Monetarism
60.7%
Capitalism is dynamic yet stable. Self-interest motivates people to do good. Land, labour and capital are all productive. Division of labour yields economic growth.Classical economics
57.9%
Laissez-faire is an efficient spontaneous order. Gold standard, not fiat currency. Mathematics, predictions and tests are not useful.Austrian school
54.9%
Increasing net exports with a strong tariff policy will increase a country's bullion, power and wealth. Money and wealth are interchangeable terms.Mercantilism
34.7%
The economy acts like a system of mathematical functions; agents maximise utility functions. Markets are highly efficient; unemployment and goods shortages are temporary.Neoclassical economics
31.3%
Beliefs % Correct
Prices and wages don't change immediately, so markets can be inefficient in the short run, even if people have rational expectations.New Keynesian economics
21.8%
Wealth comes from the land alone. Farming is productive, industry is not productive. Money is not equivalent to wealth.Physiocracy
17%
Labour determines the value of goods. Economics must respect and facilitate social cohesion and morality.Islamic economics
16.8%
Keynes was misrepresented. Private institutions like banks make capitalism unstable. Uncertainty about the future matters.Post-Keynesian economics
16.8%
Economics depends on cultural context. Mathematical deduction is flawed. The study of economic history is vital.Historical school
14.3%
People have rational expectations about the future. Markets are perfectly efficient; unemployment is a labour supply choice.New classical macroeconomics
13.3%
The means of production should be owned by as many private individuals as possible, not a socialist state or a few capitalists.Distributism
5.7%

You're not logged in!

Compare scores with friends on all Sporcle quizzes.
Join for Free
OR
Log In

You Might Also Like...

Show Comments

Extras

Top Quizzes Today


Score Distribution

Your Account Isn't Verified!

In order to create a playlist on Sporcle, you need to verify the email address you used during registration. Go to your Sporcle Settings to finish the process.

Report this User

Report this user for behavior that violates our Community Guidelines.

Details: